000 00290nam a2200133Ia 4500
008 231017s9999 xx 000 0 und d
082 _a624
082 _bMEM
245 0 _aMemo to Designers: December 1998
245 0 _cCaltrans
260 _bCaltrans
300 _c30cm
942 _cREP
999 _c604056
_d604056